| 000 | 00448nam a22001697a 4500 | ||
|---|---|---|---|
| 008 | 170411b xxu||||| |||| 00| p tur d | ||
| 020 | _a9759368234 | ||
| 041 | _atur | ||
| 100 |
_9301 _aHilmi Haşal |
||
| 245 | _aSon Siren Kuşu | ||
| 250 | _a1. Baskı | ||
| 260 |
_aAdana _bAltın Koza Yayınları _cEkim 2000 |
||
| 300 | _a63 sayfa | ||
| 500 | _aAltın Koza Yayınları: 9; Şiir Dizisi: 4 | ||
| 650 | 0 |
_9145 _aTürk Edebiyatı |
|
| 942 |
_2lcc _cBK |
||
| 999 |
_c285 _d281 |
||